000 00757nam a2200241 a 4500
001 BRL_1543
005 20190320211244.0
008 030314s1994----enkao#####---#000-0#eng-#
020 _a071412530X
041 _aeng
044 _aenk
050 4 _aGT1747
_b.M369 1994
245 1 0 _aMasks
_bthe art of expression
_cedited by John Mack.
260 _aLondon
_bTrustees of the British Museum
_c1994
300 _a224 p.
_bil., fotografías (a color)
_c28 cm.
500 _aAu1799
504 _aBibliografía: p. 216-219
650 1 4 _aMáscaras
_xAspectos sociales - Estudios interculturales
_927226
650 1 4 _aMáscaras
_xAspectos psicologicos - Estudios interculturales
_927227
700 1 _aMack, John
_eed.
_927228
902 _aGRL
942 _2lcc
_cB
999 _c10352
_d10352